| 000 | 04487nam a22002777a 4500 | ||
|---|---|---|---|
| 003 | DO-CoUTE | ||
| 005 | 20260511172801.0 | ||
| 008 | 260511b dr ||||| |||| 00| 0 spa d | ||
| 040 |
_aDO-CoUTE _bspa _cDO-CoUTE |
||
| 041 | _aspa | ||
| 092 | _aGEO 2025 R67 | ||
| 100 | 1 |
_aRosario Taveras, Chariza _eSustentante |
|
| 245 | 1 | 0 |
_aAnálisis Espacial De La Vulnerabilidad A Inundaciones En Los Alrededores Del Rio Yuna, Provincia Sánchez Ramírez, Y Su Relación Con La Presa De Hatillo / _cChariza Rosario Taveras, Rannelfi Tavarez Aquino, Danilsi Darlina María Sánchez, Andioly Michel García Ramos, Renniel Apolinar Belén Bautista ; Asesor, Octavio José López |
| 260 |
_aCotuí, República Dominicana ; _bUTECO, _c2025 |
||
| 502 | _a Trabajo de Grado ( Ingeniería en Geología ) Universidad Tecnológica del Cibao Oriental, 2025. | ||
| 504 | _a Incluye referencia bibliográfica e índice. | ||
| 520 | _aEl estudio “Análisis espacial de la vulnerabilidad a inundaciones en los alrededores del río Yuna y su relación con la presa de Hatillo” tiene como propósito comprender la dinámica de las inundaciones en la provincia Sánchez Ramírez, identificar las zonas más expuestas y proponer estrategias que permitan reducir los riesgos para la población y mejorar la gestión territorial. El objetivo general de la investigación consiste en analizar espacialmente la vulnerabilidad a inundaciones en el entorno del río Yuna, evaluando simultáneamente la influencia de la operación de la presa de Hatillo, con el fin de identificar áreas críticas y ofrecer lineamientos para la reducción del riesgo de desastres y una planificación territorial más segura. La metodología se basó en un enfoque mixto, combinando técnicas cuantitativas y cualitativas para lograr una visión integral del fenómeno. Se utilizaron Sistemas de Información Geográfica (SIG) para generar modelos de elevación, pendientes, mapas temáticos y análisis multicriterio que permitieran delimitar áreas de susceptibilidad. Además, se aplicaron encuestas estructuradas a hogares de zonas vulnerables, entrevistas semiestructuradas a informantes clave (instituciones, comunidades, técnicos) y observación directa del territorio. Los datos fueron analizados mediante estadística descriptiva y correlacional, así como codificación temática en el componente cualitativo. Esta estructura metodológica permitió contrastar factores físicos, sociales, ambientales e institucionales que inciden en el riesgo de inundación. Los principales hallazgos y conclusiones evidencian que la vulnerabilidad en la zona del río Yuna es multifactorial. Un 35% del territorio analizado presenta alta probabilidad de inundación y existen microzonas críticas como Cotuí–Los Pomos, La Mata–El Pescozón y Fantino–zona baja del canal mayor. El 42% de las parcelas residenciales y agrícolas se ubican en áreas de riesgo y más del 80% de la población estudiada habita zonas de riesgo medio o alto. Además, el estudio muestra que el 28% de los eventos de inundación de los últimos cinco años se asocia directamente a la apertura de compuertas de la presa de Hatillo, lo que indica fallas en la coordinación y comunicación institucional. Socialmente, el 62% de los hogares ha experimentado inundaciones recientes y el 73% no dispone de un plan familiar de evacuación. Las viviendas precarias, la degradación ambiental, la deficiente infraestructura de drenaje y la limitada capacidad institucional contribuyen al incremento del riesgo. Pese a ello, se identificaron prácticas comunitarias espontáneas de resiliencia que pueden fortalecerse mediante educación, participación y sistemas de alerta efectivos. En conjunto, las conclusiones señalan la necesidad de articular medidas estructurales, no estructurales, restauración ambiental, ordenamiento territorial y fortalecimiento de la gobernanza para reducir de manera sostenible la vulnerabilidad ante inundaciones en la zona del río Yuna. | ||
| 650 | 4 | _aVulnerabilidad e Inundaciones | |
| 700 | 1 |
_aChariza Rosario Taveras _eSustentante |
|
| 700 | 1 |
_aRannelfi Tavarez Aquino _eSustentante |
|
| 700 | 1 |
_aDanilsi Darlina María Sánchez _eSustentante |
|
| 700 | 1 |
_aOctavio José López _eAsesor |
|
| 830 | _aTesis y disertaciones académicas (Universidad Tecnológica del Cibao Oriental) | ||
| 856 | _yHaga Click Aquí para Descargar en Texto Completo | ||
| 942 |
_2ddc _cTH |
||
| 999 |
_c24185 _d24185 |
||